000
00217 a2200097 4500
001
12832
100
_a
Nag,P.K.
245
_a
Basic and Applied thermodynamics
260
_a
_b
Tata McGraw-Hill
_c
090
_c
9814
_d
9814
942
_a
NUST-CAE
_c
M
_c
36727
999
_c
247905
_d
247905